| 000 | 01096nam a22002897a 4500 | ||
|---|---|---|---|
| 005 | 20091015113352.0 | ||
| 008 | 091015t xxu||||| |||| 00| 0 eng d | ||
| 010 | _aENG-95124 | ||
| 020 |
_a9788189884116 _c595.00 |
||
| 035 | _aEN-78657 | ||
| 037 | _bDBAD/PUB | ||
| 040 |
_aDPL _bENG |
||
| 082 | _a305.420954 | ||
| 245 |
_aStates of Trauma : _cedited by Piya Chatterjee, Manali Desai, Parama Roy _bgender and violence in South Asia / |
||
| 260 |
_aNew Delhi _bZubaan _c2009 |
||
| 270 |
_a128-B, Shahpur Jat, 1st floor _bNew Delhi _e110049 |
||
| 300 |
_aviii, 342 p. _c22cm.(Hb) _bill |
||
| 500 | _aIncludes bibliographical references. | ||
| 650 |
_aWomen _xViolence against _zSouth Asia. |
||
| 650 |
_aFeminism _zSouth Asia. |
||
| 650 |
_aViolence _zSouth Asia. |
||
| 700 | _aChatterjee, Piya | ||
| 700 | _aDesai, Manali | ||
| 700 | _aRoy, Parama | ||
| 942 |
_2ddc _cEN _mSTA _h305.420954 |
||
| 999 |
_c30940 _d30940 |
||